000
00283nam a2200109Ia 4500
008
171211s9999 xx 000 0 und d
245
_a
Investing in Resources
245
_c
Adrian Day
260
_c
2010
650
_x
ECONOMICS
856
_u
http://down.ebook777.com/062/0470613262.pdf
999
_c
349594
_d
349594